Význam cudzieho jazyka v diplomatickom prostredí
Na minha lista:
| Autor principal: | |
|---|---|
| Formato: | Capítulo de Livro |
| Idioma: | eslovaco |
| Assuntos: | |
| Tags: |
Sem tags, seja o primeiro a adicionar uma tag!
|
MARC
| LEADER | 00000naa$a2200000$$$4500 | ||
|---|---|---|---|
| 001 | 0238025 | ||
| 005 | 20240502083637.2 | ||
| 041 | 0 | |a slo | |
| 044 | |a CZ | ||
| 245 | 1 | 0 | |a Význam cudzieho jazyka v diplomatickom prostredí |c Jarmila Rusiňáková |
| 610 | 2 | 0 | |a diplomacia |
| 610 | 2 | 0 | |a diplomati |
| 610 | 2 | 0 | |a komunikácia |
| 610 | 2 | 0 | |a korešpondencia |
| 610 | 2 | 0 | |a vzťahy medzinárodné |
| 610 | 2 | 0 | |a jazyky cudzie |
| 100 | 1 | |a Rusiňáková, Jarmila, 1959- | |